| 000 | 00439cam a2200169ua 4500 | ||
|---|---|---|---|
| 003 | OSt | ||
| 008 | 240220b |||||||| |||| 00| 0 eng d | ||
| 041 | _aeng | ||
| 082 |
_a631.34 _bBIN/PE |
||
| 100 |
_aBindra, O S . _91663 |
||
| 245 | _aPesticide Application Equipment / | ||
| 250 | _a1 / | ||
| 260 |
_aNew Delhi : _bOxford & IBH Publishing Company , _c1977. |
||
| 300 | _a464 ; . | ||
| 700 | 1 |
_aHarcharan, Singh . _91664 |
|
| 942 | _cBK | ||
| 999 |
_c8713 _d8713 |
||